00352 2200145 4500245003600000020002200036250000900058100001600067700002000083650001800103005001900121260004300140041001400183084000900197 aA Royal PaincMulry MeganhText a978-602-03-1762-5 a2012 aMulry Megan aLinda Boendaran aFiksi Inggris a20240909093103 aJakarta TimurbPenerbit Gramediac2015 aIndonesia aNONE